| 000 | 00894 a2200241 4500 | ||
|---|---|---|---|
| 999 |
_c9078 _d9078 |
||
| 020 | _a9781846610905 (hbk.) | ||
| 020 | _a1846610907 (hbk.) | ||
| 050 | 0 | 0 | _aKD3009 GRE 2008 |
| 100 | 1 |
_aGreen, Patrick, _d1967- _eauthor |
|
| 245 | 1 | 4 |
_aThe manual of employment appeals / _cPatrick Green, Adam Heppinstall. |
| 250 | _a1st ed. | ||
| 264 |
_aBristol BS1 : _bJordans, _c2008. |
||
| 300 |
_axxxiii, 472 p. : _bforms ; |
||
| 440 | 0 | _aJordans employment law series | |
| 500 | _aIncludes index. | ||
| 500 | _a"Includes full text of statutes and precedents on accompanying CD-ROM"--Back cover. | ||
| 650 | 0 | _aLabor laws and legislation | |
| 650 | 0 |
_aEmployees _xDismissal of _xLaw and legislation |
|
| 650 | 0 | _aLabor courts | |
| 700 | 1 |
_aHeppinstall, Adam, _d1977- _eauthor |
|
| 942 |
_2lcc _cBK _e1st ed. _h3009 _iGRE _kKD |
||